[Event "Nantes op 4th"]
[Site "Nantes"]
[Date "2005.12.29"]
[Round "6"]
[White "Gazzola, Giovanni"]
[Black "Feavyour, John"]
[Result "1-0"]
[WhiteElo "1899"]
[BlackElo "2068"]
[PlyCount "84"]
[EventDate "2005.12.27"]
[EventType "swiss"]
[EventRounds "7"]
[EventCountry "FRA"]
[SourceTitle "CBM 110 Extra"]
[Source "ChessBase"]
[SourceDate "2006.03.10"]
[SourceVersion "2"]
[SourceVersionDate "2006.03.10"]
[SourceQuality "1"]

1. e4 e6 2. Qe2 c5 3. f4 Nc6 4. Nf3 Be7 5. g3 d5 6. d3 Nf6 7. Bg2 dxe4 8. dxe4 0-0 9. c3 Qc7 10. 0-0 a6 11. h3 b5 12. Nbd2 c4 13. e5 Nd5 14. Ne4 f5 15. exf6 gxf6 16. Kh2 Bd7 17. Bd2 Rae8 18. Rad1 Kh8 19. b3 cxb3 20. axb3 f5 21. Neg5 Bf6 22. Nh4 Bc8 23. Qh5 Qg7 24. Nxf5 exf5 25. Bxd5 Nd8 26. Rfe1 Qg6 27. Qxg6 hxg6 28. Rxe8 Rxe8 29. Re1 Rxe1 30. Bxe1 Kg7 31. Kg2 Bxg5 32. fxg5 Be6 33. Bxe6 Nxe6 34. h4 Nc5 35. b4 Ne6 36. Kf3 Kf7 37. g4 fxg4+ 38. Kxg4 Nc7 39. Kf4 Ke6 40. Ke4 Nd5 41. Kd4 Kd6 42. Ke4 Ke6 1-0